| 000 | 00838 a2200277 4500 | ||
|---|---|---|---|
| 001 | 200130614 | ||
| 999 |
_c200130614 _d23361 |
||
| 003 | TR-AnTOB | ||
| 005 | 20231213151721.0 | ||
| 008 | 160505b tu n0 0 0 d | ||
| 022 | _a13030035 | ||
| 040 | _aTEBT | ||
| 041 | _atur | ||
| 050 |
_aJournal _bABANT |
||
| 090 | _aJournal ABANT | ||
| 099 | _aJOURNAL - AİBÜ SO | ||
| 245 | 0 | 0 |
_aAbant İzzet Baysal Üniversitesi Sosyal Bilimler Enstitüsü dergisi = _bJournal of Social Sciences. |
| 246 | _aJournal of Social Sciences | ||
| 260 |
_aBolu;: _bAbant İzzet Baysal Üniversitesi, |
||
| 300 |
_av. ; _c24 cm. |
||
| 310 | _aYılda iki kez | ||
| 650 | 7 |
_aSosyal bilimler _vSüreli yayınlar _2etuturkob _993212 |
|
| 650 | 0 |
_aSocial sciences _vPeriodicals _964637 |
|
| 856 | 4 | 2 | _uhttp://sbedergi.ibu.edu.tr/OncekiSayilar.aspx |
| 942 | _cCR | ||